01341nam a2200313 u 450000100070000000500170000700800410002403500110006504000130007604100080008908000070009710000520010424501950015626000430035130000140039465000950040865000370050365000350054065000440057565000450061970000540066470000490071870000510076794200100081899900190082850200120084752600080085995201600086794213020260506155607.0050830s2005 ||||||m| spa  a942130 ccomduadb aspa aLB10aBohorquez Ortiz, Carmen Elisa4auteaut953579910aPropuesta de un sistema de evaluacion y control de gestion por medio de indicadores para el centro de extension del Instituto Universitario de Educacion Fisica de la Universidad de Antioquia aMedellín :b[sin publicador],c2005. a104 hojas aUniversidad de Antioquia. Instituto Universitario de Educación Física y Deporte993229 aProgramas de extensión9145808 aGestión administrativa92311 7aIndicadores de gestión2armarc936605 7aAdministración deportiva2lemb916300010aSoto Aristizabal, Camilo Andres4auteaut941010010aCuervo Canola, Hector Abad4thseths941010110aLopera Gómez, Omar Alfonso4thseths9405663 cTESIS c360244d360244 b308c24 a310 001040708GENERALaEDUFIbEDUFId2005-08-30eMaterial adquirido por donacióniC879476l0oLB2822 B6p0728015r2023-04-26 00:00:00t1w2023-04-26yTESIS